| 000 | 00349nam a2200133Ia 4500 | ||
|---|---|---|---|
| 008 | 240624s9999 xx 000 0 und d | ||
| 041 | _aeng | ||
| 082 | _a332.6 SUN | ||
| 100 | _aSUNDARAM MEENAKSHI | ||
| 245 | _aHOW TO INVEST WITHOUT LOSING SLEEP | ||
| 260 |
_c2014 _aNew Delhi _bTata McGraw-Hill |
||
| 300 | _a229 : p. : cm. ; 24 | ||
| 365 |
_cRS _b33 |
||
| 999 |
_c26194 _d26194 |
||